000 00384nam a22001457a 4500
005 20200601133655.0
008 200601b xxu||||| |||| 00| 0 eng d
082 _a345.4 (AIR)
110 _aALL INDIA REPORTER
_95759
245 _aALL INDIA REPORTER , 1986 (V-73) ORISSA SECTION
260 _aBOMBAY
_bALL INDIA REPORTER, LTD
300 _a416;p
650 _aLAW
_95701
942 _cJRL
999 _c6779
_d6777